|
|
|
|
| LEADER |
00770nam a22001931a 4500 |
| 020 |
|
|
|a 9788185861043
|
| 082 |
|
|
|a 614.47
|b HAN/D
|
| 100 |
|
|
|a Hannah Allen
|9 151432
|
| 245 |
|
|
|a Don't get stuck:
|b the case against vaccinations/
|c by Hannah Allen
|
| 250 |
|
|
|a 2nd ed.
|
| 260 |
|
|
|a Mumbai:
|b Anand Kamal,
|c 1985.
|
| 300 |
|
|
|a 228p.
|
| 650 |
|
|
|a Vaccination
|9 151433
|
| 650 |
|
|
|a Preventive Medicine
|9 151434
|
| 650 |
|
|
|a Medicine Immunization
|9 151435
|
| 942 |
|
|
|c BK
|
| 999 |
|
|
|c 11231
|d 11231
|
| 952 |
|
|
|0 0
|1 0
|4 0
|6 614_470000000000000_HAN_D
|7 0
|9 16330
|a SSUS
|b SSUS
|d 2015-01-08
|g 0.00
|o 614.47 HAN/D
|p 019010
|r 2015-01-08
|v 0.00
|w 2015-01-08
|y BK
|
| 952 |
|
|
|0 0
|1 0
|4 0
|6 614_470000000000000_HAN_D
|7 0
|9 16331
|a SSUS
|b SSUS
|d 2015-01-08
|g 120.00
|o 614.47 HAN/D
|p 024344
|r 2015-01-08
|v 0.00
|w 2015-01-08
|y BK
|